000 00572nam a2200181 a 4500
001 000041611
005 20201002035651.0
008 131014s1986 sp 000 0 spa d
040 _aDO-SdBNP
_bspa
_cBNPHU
082 _axxxx
_bxxxxx
100 1 _aTolstoi, León
_946625
245 1 0 _aInfancia adolescencia juventud :
_bmemorias /
_cLeón Tolstoi ; traducción José Fernández.
250 _a2a ed.
260 _aBarcelona :
_bjuventud,
_c1986.
300 _a409 p. :
_b18 cm.
500 _aIncluye notas al pie de las páginas
700 1 _aFernández, José,
_etr.
_963106
999 _c41101
_d41101